Bilecik Bilecik Bilecik Bilecik Bilecik

Arnavudluk'da, Suriye'de, Trablusgarb'de tanin/ (Record no. 5537)

MARC details
000 -BAŞLIK
Sabit Uzunluktaki Kontrol Alanı 01434nam a22003977a 4500
001 - KONTROL NUMARASI
Control Dosyası 0005556
003 - KONTROL NUMARASI KİMLİĞİ
Kontrol Alanı KOHA_MİRAKIL
005 - EN SON İŞLEM TARİHİ ve ZAMANI
Kontrol Alanı 20260207001449.0
007 - FİZİKSEL TANIM SABİT ALAN - GENEL BİLGİ
Sabit uzunluklu kontrol alanı ta
008 - SABİT UZUNLUKTAKİ VERİ ÖGELERİ - GENEL BİLGİ
Sabit Alan 091009b1999 tu |||gr||||#0|||0|tur |
020 ## - ISBN - ULUSLARARASI STANDART KİTAP NUMARASI
Isbn 9751612047
Nitelik bilgileri tk 9751612063
-- c.2
Kullanılabilirlik koşulları 0,01
040 ## - KATALOGLAMA KAYNAĞI
Özgün Kataloglama Kurumu TR-BiSEU
Kataloglama Dili tur
Çeviri Kurumu TR-BiSEU
Açıklama Kuralları rda
041 0# - DİL KODU
Metin ya da ses kaydının dil kodu tur
044 ## - YAYINLAYAN/ÜRETEN KURULUŞUN ÜLKE KODU
ISO country code tu
050 ## - SINIFLAMA ve YER NUMARASI
Sınıflama Numarası DR428
Yer Numarası .A36 1999
100 0# - KİŞİ ADI
Yazar Adı (Kişi adı) Ahmet Şerif.
245 1# - ESER ADI BİLDİRİMİ
Başlık Arnavudluk'da, Suriye'de, Trablusgarb'de tanin/
Sorumluluk Bildirimi Ahmet Şerif ; Ahmet Şerif; editör Mehmed Çetin Börekçi.
264 #1 - ÜRERİM, YAYIN, DAĞITIM ve TELİF BİLDİRİMİ
Yayın yeri Ankara :
Yayınlayan Atatürk Kültür, Dil ve Tarih Yüksek Kurumu Türk Tarih Kurumu
Yayın tarihi 1999
300 ## - FİZİKSEL TANIMLAMA
Sayfa, Cilt vb. 2 c. :
Diğer fiziki detaylar hrt. tıbkıbs.
336 ## - İÇERİK TÜRÜ
Content type term metin
Content type code txt
Source rdacontent
337 ## - MEDYA TÜRÜ
Media type term aracısız
Media type code n
Source rdamedia
338 ## - TAŞIYICI TÜRÜ
Carrier type term cilt
Carrier type code nc
Source rdacarrier
490 1# - DİZİ BİLDİRİMİ
Dizi Bildirimi Atatürk Kültür, Dil ve Tarih Yüksek Kurumu.
490 1# - DİZİ BİLDİRİMİ
Dizi Bildirimi Türk Tarih Kurumu yayınları ;
Cilt Numarası II.
490 1# - DİZİ BİLDİRİMİ
Dizi Bildirimi dizi-sayı 34a
500 ## - GENEL NOT
Genel Not Dizin var.
505 ## - İÇİNDEKİLER NOTU
İçindekiler Notu c.1 Anadolu'da tanin
650 #0 - KONU BAŞLIĞI EK GİRİŞ - KONU TERİMİ
Konusal terim veya coğrafi ad Türk gazeteleri--Türkiye--İstanbul.
9 (RLIN) 13395
650 #0 - KONU BAŞLIĞI EK GİRİŞ - KONU TERİMİ
Konusal terim veya coğrafi ad Türkiye--anlatim ve gezi 1909-.
9 (RLIN) 13396
650 #0 - KONU BAŞLIĞI EK GİRİŞ - KONU TERİMİ
Konusal terim veya coğrafi ad Türkiye--tarihi 20. Yüzyil.
9 (RLIN) 13397
830 1# - SERİ EK GİRİŞİ - TEKBİÇİM ESER ADI
Tekbiçim Başlık Atatürk Kültür, Dil ve Tarih Yüksek Kurumu.
9 (RLIN) 6683
830 1# - SERİ EK GİRİŞİ - TEKBİÇİM ESER ADI
Tekbiçim Başlık Türk Tarih Kurumu yayınları ;
Volume number/sequential designation II.
9 (RLIN) 6704
830 1# - SERİ EK GİRİŞİ - TEKBİÇİM ESER ADI
Tekbiçim Başlık dizi-sayı 34a
9 (RLIN) 13398
907 ## - LOCAL DATA ELEMENT G, LDG (RLIN)
a Tarih
942 ## - EK GİRİŞ ÖGELERİ (KOHA)
Source of classification or shelving scheme Library of Congress Classification
Koha item type Book
505 ## - İÇİNDEKİLER NOTU
-- c.2 Arnavudluk'da, Suriye'de, Trablusgarb'de tanin
Holdings
Materyal Türü Kalıcı Konum Mevcut Konum Raf Yeri Sınıflandırma Kaynağı Edinim Bilgisi Ana Konular Alt Konular Yer Numarası Cilt Bilgisi Demirbaş Numarası Fatura Tarihi Geri Çekilme Durumu Kayıp Durumu Hasarlı Durumu Kredi için değil Kayıt Tarih Toplam Ödünçverme Son Görülme Tarihi Son Kontrol Tarihi Genel / Bağış Notu Maliyet, Alış Fiyatı Maliyet, Yenileme Fiyatı Satın Alma Notu
Book Prof. Dr. Azmi Özcan Kütüphanesi Prof. Dr. Azmi Özcan Kütüphanesi Uluğbey Salonu Library of Congress Classification Bağış DÜNYA TARİHİ (AVRUPA, ASYA, AFRİKA VB.) Balkan Yarımadası DR428 .A36 1999 c.2 0005556 13/08/2010         16/06/2009   05/12/2024 05/12/2024 YÖK Tez Merkezi      
Book Prof. Dr. Azmi Özcan Kütüphanesi Prof. Dr. Azmi Özcan Kütüphanesi Uluğbey Salonu Library of Congress Classification Satın DÜNYA TARİHİ (AVRUPA, ASYA, AFRİKA VB.) Balkan Yarımadası DR428 .A36 1999 c.2 0008168 09/09/2009         09/10/2009   05/12/2024 05/12/2024   5.00 5.00 283